[Event "Collado Villalba op-B 35th"]
[Site "Collado Villalba ESP"]
[Date "2018.08.24"]
[Round "1.1"]
[White "Fernandez Martinez, Luis"]
[Black "Garcia Serrano, Jose Manuel"]
[Result "0-1"]
[WhiteElo "1566"]
[BlackElo "1908"]
[PlyCount "86"]
[EventDate "2018.08.24"]
[EventType "swiss"]
[EventRounds "9"]
[EventCountry "ESP"]
[SourceTitle "Ajedrez en Madrid"]
[Source "lmi"]
[SourceDate "2018.08.24"]

1. e4 e5 2. Nc3 Nf6 3. Bc4 Nc6 4. a3 Nxe4 5. Bxf7+ Kxf7 6. Nxe4 d5 7. Qf3+ Kg8
8. Nc3 Be6 9. d3 Nd4 10. Qd1 c6 11. Nce2 Nf5 12. Nf3 Bd6 13. O-O Nh4 14. Nxh4
Qxh4 15. g3 Qh3 16. f4 Bc5+ 17. d4 exd4 18. Nxd4 Bf5 19. c3 Be4 20. Rf2 h5 21.
Qf1 Qg4 22. Qe2 Qd7 23. Be3 Rf8 24. Raf1 h4 25. g4 h3 26. f5 Rh4 27. Bg5 Rh7
28. Rd1 Re8 29. Qd2 Bb6 30. b4 Rh8 31. Qc1 Kh7 32. Bh4 Rhf8 33. Qg5 Kg8 34. Qg6
Re5 35. Bg3 Rf6 36. Qg5 Re8 37. Re2 Rff8 38. Bf2 Qf7 39. Rde1 Qf6 40. Qd2 g6
41. Qa2 Kh7 42. fxg6+ Qxg6 43. Nf5 Rxf5 0-1

[Event "Collado Villalba op-B 35th"]
[Site "Collado Villalba ESP"]
[Date "2018.08.24"]
[Round "1.2"]
[White "Suarez Paz, Alfonso"]
[Black "Marret, Constantin Pierre"]
[Result "1-0"]
[WhiteElo "1842"]
[BlackElo "1565"]
[PlyCount "42"]
[EventDate "2018.08.24"]
[EventType "swiss"]
[EventRounds "9"]
[EventCountry "ESP"]
[SourceTitle "Ajedrez en Madrid"]
[Source "lmi"]
[SourceDate "2018.08.24"]

1. e4 e6 2. d4 d5 3. Nd2 Nf6 4. e5 Nfd7 5. Bd3 c5 6. c3 Nc6 7. Ndf3 cxd4 8.
cxd4 Qb6 9. Ne2 f6 10. exf6 Nxf6 11. O-O Bd6 12. a3 O-O 13. b4 Qc7 14. Ng3 e5
15. dxe5 Nxe5 16. Bb2 Nxf3+ 17. Qxf3 Ng4 18. Qxd5+ Kh8 19. Qh5 Nh6 20. Rac1 Qf7
21. Qxh6 Bf4 1-0

[Event "Collado Villalba op-B 35th"]
[Site "Collado Villalba ESP"]
[Date "2018.08.24"]
[Round "1.3"]
[White "Dominguez Coig, Alvaro"]
[Black "Tirado Parra, Alberto"]
[Result "0-1"]
[WhiteElo "1564"]
[BlackElo "1837"]
[PlyCount "52"]
[EventDate "2018.08.24"]
[EventType "swiss"]
[EventRounds "9"]
[EventCountry "ESP"]
[SourceTitle "Ajedrez en Madrid"]
[Source "lmi"]
[SourceDate "2018.08.24"]

1. e4 e5 2. Nf3 Nf6 3. d4 Nxe4 4. Bd3 d5 5. dxe5 Be7 6. Bxe4 dxe4 7. Qxd8+ Bxd8
8. Ng5 Bf5 9. Nc3 Nc6 10. Ngxe4 Nxe5 11. O-O O-O 12. Re1 Re8 13. Bf4 Ng6 14.
Bg3 Bxe4 15. Rxe4 Rxe4 16. Nxe4 f5 17. Nc5 f4 18. Bxf4 Nxf4 19. Nxb7 Bf6 20. g3
Rb8 21. Nc5 Ne2+ 22. Kf1 Rxb2 23. Ne4 Nc3 24. Nxc3 Bxc3 25. Rd1 Ba5 26. a4 Rxc2
0-1

[Event "Collado Villalba op-B 35th"]
[Site "Collado Villalba ESP"]
[Date "2018.08.24"]
[Round "1.4"]
[White "Fernandez Estremera, Fernando"]
[Black "Caravantes Camacho, Fernando"]
[Result "1-0"]
[WhiteElo "1830"]
[BlackElo "1561"]
[PlyCount "53"]
[EventDate "2018.08.24"]
[EventType "swiss"]
[EventRounds "9"]
[EventCountry "ESP"]
[SourceTitle "Ajedrez en Madrid"]
[Source "lmi"]
[SourceDate "2018.08.24"]

1. d4 Nf6 2. Nc3 d5 3. Bg5 Bf5 4. f3 h6 5. Bxf6 gxf6 6. e4 dxe4 7. fxe4 Bg6 8.
Nf3 Nc6 9. Bb5 a6 10. Ba4 b5 11. Bb3 Na5 12. Nh4 Nxb3 13. Nxg6 Nxa1 14. Nxh8
Qxd4 15. Qh5 Nxc2+ 16. Ke2 Qc4+ 17. Kd2 Nb4 18. Rd1 Rd8+ 19. Nd5 Qd3+ 20. Ke1
Nc2+ 21. Kf2 Rxd5 22. Qxf7+ Kd8 23. Rxd3 Rxd3 24. Qxf8+ Kd7 25. Ng6 Rd2+ 26.
Kf3 Rd3+ 27. Ke2 1-0

[Event "Collado Villalba op-B 35th"]
[Site "Collado Villalba ESP"]
[Date "2018.08.24"]
[Round "1.6"]
[White "Mihalcea, George Andrei"]
[Black "Fernandez Garcia, Emiliano"]
[Result "1-0"]
[WhiteElo "1807"]
[BlackElo "1545"]
[PlyCount "43"]
[EventDate "2018.08.24"]
[EventType "swiss"]
[EventRounds "9"]
[EventCountry "ESP"]
[SourceTitle "Ajedrez en Madrid"]
[Source "lmi"]
[SourceDate "2018.08.24"]

1. d4 d5 2. c4 dxc4 3. Nf3 Nf6 4. Qc2 Bg4 5. Qxc4 Bxf3 6. gxf3 e6 7. e4 a6 8.
Be3 Nc6 9. Nc3 Be7 10. Rd1 Nh5 11. f4 Nf6 12. Bh3 Bb4 13. f3 O-O 14. Rg1 Nxe4
15. fxe4 Qh4+ 16. Rg3 Rfe8 17. Ke2 Rac8 18. Rdg1 Bf8 19. f5 exf5 20. Bxf5 Qxh2+
21. R1g2 Qh5+ 22. Bg4 1-0

[Event "Collado Villalba op-B 35th"]
[Site "Collado Villalba ESP"]
[Date "2018.08.24"]
[Round "1.7"]
[White "Benito Alba, Eladio"]
[Black "Pardo Robles, Jose Manuel"]
[Result "0-1"]
[WhiteElo "1535"]
[BlackElo "1795"]
[PlyCount "80"]
[EventDate "2018.08.24"]
[EventType "swiss"]
[EventRounds "9"]
[EventCountry "ESP"]
[SourceTitle "Ajedrez en Madrid"]
[Source "lmi"]
[SourceDate "2018.08.24"]

1. d4 Nf6 2. c4 g6 3. Nc3 Bg7 4. e4 d6 5. Nf3 O-O 6. h3 e5 7. dxe5 dxe5 8. Qxd8
Rxd8 9. Be2 Re8 10. O-O Na6 11. Rd1 Nc5 12. Bd3 c6 13. Be3 Nxd3 14. Rxd3 Nh5
15. Rad1 f5 16. Rd8 Be6 17. Rxa8 Rxa8 18. b3 h6 19. Ne2 Kf7 20. exf5 gxf5 21.
Bc1 Rc8 22. a4 f4 23. Ne1 Rc7 24. Nc3 Nf6 25. f3 Rd7 26. Rxd7+ Nxd7 27. Ne4 Bf8
28. Nd3 b5 29. axb5 cxb5 30. cxb5 Bxb3 31. Bb2 Ke6 32. Kf2 Bc4 33. Ke2 Bxb5 34.
Kd2 a5 35. Bc3 a4 36. Kc2 Bxd3+ 37. Kxd3 Kd5 38. Ba1 Nc5+ 39. Nxc5 Bxc5 40. h4
Bd4 0-1

[Event "Collado Villalba op-B 35th"]
[Site "Collado Villalba ESP"]
[Date "2018.08.24"]
[Round "1.8"]
[White "Navarro Coloma, Antonio"]
[Black "Rodriguez Gomez, Jose"]
[Result "1-0"]
[WhiteElo "1794"]
[BlackElo "1534"]
[PlyCount "71"]
[EventDate "2018.08.24"]
[EventType "swiss"]
[EventRounds "9"]
[EventCountry "ESP"]
[SourceTitle "Ajedrez en Madrid"]
[Source "lmi"]
[SourceDate "2018.08.24"]

1. d4 d5 2. Nf3 Nf6 3. Bf4 e6 4. e3 c5 5. c3 Be7 6. Nbd2 O-O 7. Bd3 c4 8. Be2
Nc6 9. b3 b5 10. a4 b4 11. bxc4 bxc3 12. Nb3 Ba6 13. c5 Bxe2 14. Qxe2 a5 15.
O-O Ra7 16. Rfc1 Ne4 17. Ne5 Nxe5 18. Bxe5 f6 19. Bg3 Rb7 20. Qc2 Nxg3 21. hxg3
e5 22. Qxc3 Rb4 23. Rab1 exd4 24. exd4 f5 25. Nxa5 Rxb1 26. Rxb1 Bf6 27. Nb7
Qa8 28. Rb4 g6 29. Qb3 Kg7 30. c6 Qa7 31. Nc5 Kh6 32. Nd7 Rc8 33. Nxf6 Rxc6 34.
Ng8+ Kg5 35. Qe3+ f4 36. Qxf4+ 1-0

[Event "Collado Villalba op-B 35th"]
[Site "Collado Villalba ESP"]
[Date "2018.08.24"]
[Round "1.9"]
[White "Llanas Del Hoyo, Andres"]
[Black "Navas Hernando, Oscar"]
[Result "0-1"]
[WhiteElo "1509"]
[BlackElo "1790"]
[PlyCount "82"]
[EventDate "2018.08.24"]
[EventType "swiss"]
[EventRounds "9"]
[EventCountry "ESP"]
[SourceTitle "Ajedrez en Madrid"]
[Source "lmi"]
[SourceDate "2018.08.24"]

1. e4 c5 2. c4 Nc6 3. Nc3 g6 4. g3 Bg7 5. Nge2 Nf6 6. Bg2 O-O 7. O-O d6 8. h3
a6 9. Rb1 Rb8 10. a4 Bd7 11. d3 Nb4 12. Be3 Qc8 13. Kh2 e6 14. b3 Bc6 15. Qd2
b6 16. Na2 Nxa2 17. Qxa2 d5 18. e5 Nd7 19. f4 d4 20. Bxc6 Qxc6 21. Bd2 a5 22.
Rbe1 f5 23. exf6 Rxf6 24. Ng1 Rbf8 25. Nf3 e5 26. Qb1 exf4 27. Bxf4 h6 28. h4
Rf5 29. Kg1 Qf6 30. Nh2 g5 31. Ng4 Qg6 32. hxg5 hxg5 33. Bd2 Qh5 34. Nh2 Qh3
35. Rxf5 Qxg3+ 36. Kh1 Rxf5 37. Re8+ Kf7 38. Qe1 Rf2 39. Qe7+ Kg6 40. Qe4+ Kh5
41. Qh7+ Bh6 0-1

[Event "Collado Villalba op-B 35th"]
[Site "Collado Villalba ESP"]
[Date "2018.08.24"]
[Round "1.10"]
[White "Ballina Amandi, Casimiro"]
[Black "Criado Herrero, Luis"]
[Result "1-0"]
[WhiteElo "1781"]
[BlackElo "1488"]
[PlyCount "65"]
[EventDate "2018.08.24"]
[EventType "swiss"]
[EventRounds "9"]
[EventCountry "ESP"]
[SourceTitle "Ajedrez en Madrid"]
[Source "lmi"]
[SourceDate "2018.08.24"]

1. e4 c5 2. Nf3 d6 3. Bb5+ Bd7 4. Bxd7+ Nxd7 5. O-O Ngf6 6. Re1 e6 7. d4 cxd4
8. Nxd4 a6 9. c4 Be7 10. Nc3 O-O 11. b3 Rc8 12. Bb2 Ne5 13. Qd2 Nfg4 14. Rad1
Bg5 15. Qe2 Qf6 16. g3 Nxh2 17. Kxh2 Qh6+ 18. Kg2 Be7 19. Rh1 Qg6 20. Qh5 Qxh5
21. Rxh5 Ng4 22. Kf3 Nf6 23. Rhh1 h6 24. Ke2 Ng4 25. f4 Rc5 26. Kf3 Nf6 27. Rd3
Nh7 28. Ba3 Rc7 29. Nde2 Rd8 30. Rhd1 Rc6 31. e5 b5 32. cxb5 axb5 33. Nxb5 1-0

[Event "Collado Villalba op-B 35th"]
[Site "Collado Villalba ESP"]
[Date "2018.08.24"]
[Round "1.11"]
[White "Palomares Cortez, Facundo Sebast"]
[Black "Herrero Corada, Jose Ignacio"]
[Result "1-0"]
[WhiteElo "1486"]
[BlackElo "1764"]
[PlyCount "123"]
[EventDate "2018.08.24"]
[EventType "swiss"]
[EventRounds "9"]
[EventCountry "ESP"]
[SourceTitle "Ajedrez en Madrid"]
[Source "lmi"]
[SourceDate "2018.08.24"]

1. e4 c6 2. d4 d5 3. e5 Bf5 4. Nc3 h5 5. Nf3 e6 6. Be3 Qb6 7. Bd3 Bxd3 8. Qxd3
Qa6 9. O-O-O Qxd3 10. Rxd3 Nd7 11. Na4 Nh6 12. Rhd1 Nf5 13. b3 Nxe3 14. Rxe3 b5
15. Nb2 c5 16. dxc5 Bxc5 17. Nd4 Bxd4 18. Rxd4 Rc8 19. Kd2 Nb6 20. a4 bxa4 21.
Nxa4 Ke7 22. Nxb6 axb6 23. Rb4 Rc6 24. Rc3 Rhc8 25. Rxc6 Rxc6 26. Kd3 Kd7 27.
g3 Kc8 28. h3 g5 29. g4 h4 30. f4 gxf4 31. Rxf4 Rc5 32. b4 Rb5 33. c3 d4 34.
Kxd4 Rd5+ 35. Ke4 Rd1 36. Rf3 Re1+ 37. Re3 Rf1 38. Rf3 Re1+ 39. Kf4 Rg1 40. Kg5
Rg3 41. Rxf7 Rxh3 42. Re7 Rh1 43. Rxe6 b5 44. Rh6 h3 45. Kf6 Kd8 46. Rh8+ Kd7
47. e6+ Kd6 48. Rd8+ Kc7 49. Rd7+ Kc8 50. Rh7 h2 51. Ke7 Kc7 52. g5 Kc6 53. g6
Rg1 54. Rxh2 Rxg6 55. Rd2 Rg3 56. Ke8 Rxc3 57. Kd8 Kb7 58. e7 Rc8+ 59. Kd7 Rc7+
60. Ke6 Rc6+ 61. Rd6 Rc8 62. Rd8 1-0

[Event "Collado Villalba op-B 35th"]
[Site "Collado Villalba ESP"]
[Date "2018.08.24"]
[Round "1.12"]
[White "Tevar Sanz, Gonzalo"]
[Black "Martinez Martinez, Antonio"]
[Result "1-0"]
[WhiteElo "1757"]
[BlackElo "1480"]
[PlyCount "67"]
[EventDate "2018.08.24"]
[EventType "swiss"]
[EventRounds "9"]
[EventCountry "ESP"]
[SourceTitle "Ajedrez en Madrid"]
[Source "lmi"]
[SourceDate "2018.08.24"]

1. d4 g6 2. Bf4 d6 3. e3 a6 4. Nf3 c6 5. Be2 Bg7 6. c4 Bg4 7. Nbd2 Nf6 8. h3
Bxf3 9. Nxf3 Nbd7 10. O-O Ne4 11. a4 c5 12. a5 O-O 13. Qb3 Qc8 14. Bh2 cxd4 15.
exd4 e5 16. Bd3 f5 17. Bxe4 fxe4 18. Ng5 Nf6 19. dxe5 dxe5 20. c5+ Kh8 21. Nf7+
Rxf7 22. Qxf7 Qxc5 23. Qxb7 Rg8 24. Qxa6 Nd5 25. Qe6 e3 26. fxe3 Nxe3 27. Rfc1
Nc2+ 28. Kh1 Rf8 29. Bg1 Qc7 30. Bb6 Qc8 31. Qxc8 Rxc8 32. a6 e4 33. a7 Bxb2
34. Rxc2 1-0

[Event "Collado Villalba op-B 35th"]
[Site "Collado Villalba ESP"]
[Date "2018.08.24"]
[Round "1.13"]
[White "Palacios Sanchez, Victor"]
[Black "Gamboa Ondono, Jesus"]
[Result "0-1"]
[WhiteElo "1449"]
[BlackElo "1749"]
[PlyCount "138"]
[EventDate "2018.08.24"]
[EventType "swiss"]
[EventRounds "9"]
[EventCountry "ESP"]
[SourceTitle "Ajedrez en Madrid"]
[Source "lmi"]
[SourceDate "2018.08.24"]

1. d4 Nf6 2. c4 e6 3. Nf3 b6 4. g3 Bb7 5. Bg2 Be7 6. Nc3 O-O 7. O-O d5 8. cxd5
Nxd5 9. Nxd5 Bxd5 10. Qc2 f5 11. Bf4 Nc6 12. Rac1 Rc8 13. Qa4 Qd7 14. b4 Bd6
15. b5 Na5 16. Be5 a6 17. Rc3 axb5 18. Qc2 b4 19. Re3 Nc4 20. Rb3 Na3 21. Qd2
Bxb3 22. axb3 Be7 23. Ng5 h6 24. Nh3 c5 25. d5 Rcd8 26. Nf4 Bg5 27. d6 Nb5 28.
Qd3 Bxf4 29. gxf4 Nc3 30. Bf3 Qf7 31. Kh1 g6 32. Bh5 Ne4 33. Bf3 Kh7 34. Bxe4
fxe4 35. Qxe4 Rc8 36. Rg1 Rg8 37. h4 h5 38. Rg5 Kh6 39. Qd3 Qd7 40. Bf6 Rcf8
41. Be5 Rf5 42. Rg1 b5 43. Rc1 Rc8 44. e4 Rf7 45. Qe3 Kh7 46. Rxc5 Rxc5 47.
Qxc5 Rf8 48. Bb2 Rc8 49. Qe5 Rg8 50. Qc5 Rc8 51. Qd4 Rg8 52. Qxb4 e5 53. fxe5
Qh3+ 54. Kg1 Qg4+ 55. Kf1 Qd1+ 56. Qe1 Qxb3 57. Qe2 Rc8 58. d7 Qh3+ 59. Kg1
Qxd7 60. f4 b4 61. f5 gxf5 62. Qxh5+ Kg8 63. exf5 Qg7+ 64. Qg5 Qxg5+ 65. hxg5
Rc2 66. e6 Rxb2 67. f6 Re2 68. e7 Kf7 69. Kf1 Re5 0-1

[Event "Collado Villalba op-B 35th"]
[Site "Collado Villalba ESP"]
[Date "2018.08.24"]
[Round "1.14"]
[White "Fernandez Rios, Jose Francisco"]
[Black "Penas Merino, Ramona"]
[Result "1-0"]
[WhiteElo "1729"]
[BlackElo "1440"]
[PlyCount "99"]
[EventDate "2018.08.24"]
[EventType "swiss"]
[EventRounds "9"]
[EventCountry "ESP"]
[SourceTitle "Ajedrez en Madrid"]
[Source "lmi"]
[SourceDate "2018.08.24"]

1. d4 d5 2. c4 e6 3. Nf3 Nf6 4. Bg5 Be7 5. Nc3 Nbd7 6. e3 O-O 7. Rc1 c6 8. Bd3
Re8 9. O-O a6 10. c5 h6 11. Bh4 Nf8 12. h3 N6d7 13. Bg3 Bf6 14. b4 e5 15. Be2
e4 16. Nh2 Nh7 17. a4 Ndf8 18. b5 axb5 19. axb5 Bd7 20. bxc6 bxc6 21. Na4 Bh4
22. Nb6 Ra7 23. Ra1 Rxa1 24. Qxa1 Bxg3 25. fxg3 Qc7 26. Qe1 Nf6 27. Qf2 Be6 28.
Ra1 N6d7 29. Qf4 Qxf4 30. gxf4 Rb8 31. Ra8 Rxa8 32. Nxa8 f5 33. Ba6 Nb8 34. Bb7
g5 35. g3 Kg7 36. Nf1 Ng6 37. Nd2 gxf4 38. gxf4 Nh4 39. Nb3 Nf3+ 40. Kf2 Kg6
41. Na5 Bd7 42. Nc7 Kf6 43. Na6 Nxa6 44. Bxa6 Ke6 45. Bb7 Nd2 46. Nxc6 Bxc6 47.
Bxc6 Nc4 48. Bb5 Na5 49. Kg3 h5 50. h4 1-0

[Event "Collado Villalba op-B 35th"]
[Site "Collado Villalba ESP"]
[Date "2018.08.24"]
[Round "1.15"]
[White "Enriquez Pastor, Jorge"]
[Black "Rodriguez del Moral, Angel"]
[Result "0-1"]
[WhiteElo "1430"]
[BlackElo "1728"]
[PlyCount "56"]
[EventDate "2018.08.24"]
[EventType "swiss"]
[EventRounds "9"]
[EventCountry "ESP"]
[SourceTitle "Ajedrez en Madrid"]
[Source "lmi"]
[SourceDate "2018.08.24"]

1. e4 c5 2. c4 g6 3. Ne2 Bg7 4. d4 cxd4 5. Nxd4 Nc6 6. Be3 Nf6 7. Nc3 O-O 8.
Be2 a6 9. O-O e6 10. f3 d6 11. Rc1 Qe7 12. Nc2 Nd7 13. Qd2 Rd8 14. Rfd1 Nf8 15.
a3 Na5 16. Bb6 Nb3 17. Bxd8 Qxd8 18. Qd3 Qb6+ 19. Kh1 Nxc1 20. Rxc1 Qxb2 21.
Na2 Qxa2 22. Qxd6 Qb2 23. Qd1 Nd7 24. Rb1 Qe5 25. g3 Qc7 26. Rc1 Nc5 27. Ne3
Bd7 28. Qd2 Nb3 0-1

[Event "Collado Villalba op-B 35th"]
[Site "Collado Villalba ESP"]
[Date "2018.08.24"]
[Round "1.16"]
[White "Mataix Fernandez, Ricardo"]
[Black "Orta Vazquez, Mario"]
[Result "1-0"]
[WhiteElo "1724"]
[BlackElo "1429"]
[PlyCount "71"]
[EventDate "2018.08.24"]
[EventType "swiss"]
[EventRounds "9"]
[EventCountry "ESP"]
[SourceTitle "Ajedrez en Madrid"]
[Source "lmi"]
[SourceDate "2018.08.24"]

1. e4 c5 2. d3 Nc6 3. Nf3 d6 4. g3 g6 5. Bg2 Bg7 6. O-O Nf6 7. Nbd2 O-O 8. Re1
Qc7 9. c3 Bg4 10. Nf1 b5 11. Ne3 Bxf3 12. Bxf3 e6 13. Bg2 Rfd8 14. Ng4 Nxg4 15.
Qxg4 Ne5 16. Qe2 Rab8 17. f4 Nc6 18. Be3 b4 19. Rac1 a5 20. Red1 bxc3 21. bxc3
Qe7 22. Bf2 Na7 23. d4 Nb5 24. a4 Nc7 25. e5 cxd4 26. cxd4 d5 27. Rc5 Rb4 28.
Rdc1 Rc8 29. Be1 Rxa4 30. Bxa5 Rc4 31. R1xc4 dxc4 32. Qxc4 Qd7 33. Bxc7 Bf8 34.
Bd6 Rxc5 35. Qxc5 Bxd6 36. exd6 1-0

[Event "Collado Villalba op-B 35th"]
[Site "Collado Villalba ESP"]
[Date "2018.08.24"]
[Round "1.17"]
[White "Murillo Paz, Pedro"]
[Black "Lizon Martinez, Santiago"]
[Result "0-1"]
[WhiteElo "1428"]
[BlackElo "1715"]
[PlyCount "72"]
[EventDate "2018.08.24"]
[EventType "swiss"]
[EventRounds "9"]
[EventCountry "ESP"]
[SourceTitle "Ajedrez en Madrid"]
[Source "lmi"]
[SourceDate "2018.08.24"]

1. e4 c5 2. Nf3 d6 3. Nc3 a6 4. Bc4 e6 5. O-O b5 6. Be2 Bb7 7. d4 cxd4 8. Nxd4
Nf6 9. Bg5 Be7 10. Bf3 Qc7 11. Nde2 O-O 12. Qd2 Nbd7 13. Ng3 Nc5 14. Nh5 Nxh5
15. Bxe7 Qxe7 16. Bxh5 Nxe4 17. Qe3 Nxc3 18. Qxc3 Qg5 19. Bf3 Rac8 20. Qd3 Bxf3
21. Qxf3 d5 22. c3 Qd2 23. Rab1 Rc6 24. h4 Rfc8 25. h5 Qg5 26. Qe2 Rc4 27. g3
Rg4 28. Kg2 Qxh5 29. Rh1 Rxg3+ 30. Kxg3 Qxe2 31. Rhe1 Qd2 32. Rbd1 Qg5+ 33. Kf3
Rc4 34. Rg1 Qh4 35. Rde1 Rf4+ 36. Kg2 Qxf2+ 0-1

[Event "Collado Villalba op-B 35th"]
[Site "Collado Villalba ESP"]
[Date "2018.08.24"]
[Round "1.18"]
[White "Munoz Morato, Miguel"]
[Black "Rufo Yebra, Benito"]
[Result "1-0"]
[WhiteElo "1708"]
[BlackElo "1425"]
[PlyCount "43"]
[EventDate "2018.08.24"]
[EventType "swiss"]
[EventRounds "9"]
[EventCountry "ESP"]
[SourceTitle "Ajedrez en Madrid"]
[Source "lmi"]
[SourceDate "2018.08.24"]

1. e4 d6 2. d4 e6 3. Nf3 Be7 4. Bd3 h6 5. Be3 Nf6 6. Nc3 Bd7 7. Qd2 c5 8. e5
cxd4 9. Bxd4 Nh5 10. g4 dxe5 11. Nxe5 Nf6 12. O-O-O Bc6 13. Nxc6 Nxc6 14. Bb5
O-O 15. Bxc6 bxc6 16. h4 c5 17. Be3 Nxg4 18. Qe2 Qa5 19. Qxg4 Bf6 20. Bxh6 Bxc3
21. Bxg7 Bxg7 22. Rhg1 1-0

[Event "Collado Villalba op-B 35th"]
[Site "Collado Villalba ESP"]
[Date "2018.08.24"]
[Round "1.19"]
[White "Bahillo Vallejo, Ignacio"]
[Black "Criado Riesgo, Manuel"]
[Result "1/2-1/2"]
[WhiteElo "1415"]
[BlackElo "1665"]
[PlyCount "106"]
[EventDate "2018.08.24"]
[EventType "swiss"]
[EventRounds "9"]
[EventCountry "ESP"]
[SourceTitle "Ajedrez en Madrid"]
[Source "lmi"]
[SourceDate "2018.08.24"]

1. b3 e5 2. Bb2 Nc6 3. c4 Nf6 4. Nc3 Bb4 5. e3 Bxc3 6. Bxc3 d5 7. cxd5 Nxd5 8.
Bb2 Ndb4 9. d4 exd4 10. a3 Nd5 11. Bxd4 Nxd4 12. Qxd4 O-O 13. Rd1 Be6 14. Bc4
c6 15. Nf3 Qa5+ 16. Rd2 Qxa3 17. O-O Qe7 18. Ra1 b5 19. Bxd5 Bxd5 20. Nh4 Qg5
21. g3 a5 22. Rd3 Rfe8 23. Qc3 Qe5 24. Rd4 g5 25. Ng2 Qe6 26. Rxa5 Rxa5 27.
Qxa5 Bxg2 28. Kxg2 Qxb3 29. Rd8 Qe6 30. Qc7 Rxd8 31. Qxd8+ Kg7 32. Qxg5+ Kh8
33. Qd8+ Kg7 34. Qg5+ Qg6 35. Qe5+ Qf6 36. Qc5 Qe6 37. Qg5+ Kf8 38. Qd8+ Kg7
39. Qg5+ Qg6 40. Qe5+ Qf6 41. Qc5 h6 42. h4 Qe6 43. Qd4+ f6 44. Kf3 Qf5+ 45.
Ke2 c5 46. Qd6 Kg6 47. Qc6 Qg4+ 48. f3 Qc4+ 49. Kd2 b4 50. Qe8+ Qf7 51. Qe4+
Kg7 52. Qg4+ Qg6 53. Qd7+ Qf7 1/2-1/2

[Event "Collado Villalba op-B 35th"]
[Site "Collado Villalba ESP"]
[Date "2018.08.24"]
[Round "1.20"]
[White "Melcon Diez, Enrique"]
[Black "Gallego Romero, Manuel"]
[Result "0-1"]
[WhiteElo "1660"]
[BlackElo "1406"]
[PlyCount "62"]
[EventDate "2018.08.24"]
[EventType "swiss"]
[EventRounds "9"]
[EventCountry "ESP"]
[SourceTitle "Ajedrez en Madrid"]
[Source "lmi"]
[SourceDate "2018.08.24"]

1. c4 c6 2. e4 e5 3. Nf3 d6 4. d4 exd4 5. Nxd4 Nf6 6. Nc3 Be7 7. Be2 O-O 8. O-O
c5 9. Nc2 Nc6 10. Be3 b6 11. Qd2 Ne5 12. f3 Be6 13. Rad1 Bxc4 14. Bf4 Bxe2 15.
Qxe2 Ng6 16. Bg3 Nh5 17. Ne3 Nxg3 18. hxg3 Qb8 19. Nf5 Bf6 20. Nb5 d5 21. Rxd5
Ne7 22. Nxe7+ Bxe7 23. Rd7 Bf6 24. Nc7 Bd4+ 25. Kh2 Qb7 26. Qb5 Rad8 27. Rxd8
Rxd8 28. Nd5 a6 29. Qxb6 Qxb6 30. Nxb6 Rd6 31. Nc4 Rh6# 0-1

[Event "Collado Villalba op-B 35th"]
[Site "Collado Villalba ESP"]
[Date "2018.08.24"]
[Round "1.21"]
[White "Perez Rodrigo, Alicia"]
[Black "Lucia Carpintero, Oscar"]
[Result "0-1"]
[WhiteElo "1351"]
[BlackElo "1659"]
[PlyCount "68"]
[EventDate "2018.08.24"]
[EventType "swiss"]
[EventRounds "9"]
[EventCountry "ESP"]
[SourceTitle "Ajedrez en Madrid"]
[Source "lmi"]
[SourceDate "2018.08.24"]

1. d4 Nf6 2. c4 c5 3. d5 b5 4. b3 g6 5. Nc3 bxc4 6. bxc4 d6 7. e4 Bg7 8. Rb1
O-O 9. Bd3 Nbd7 10. f4 Nb6 11. Nf3 Bg4 12. O-O Qc7 13. Be3 a6 14. Qd2 Bxf3 15.
Rxf3 Ng4 16. Ne2 Nxe3 17. Qxe3 Rab8 18. Rh3 Na4 19. Qd2 Rxb1+ 20. Bxb1 Rb8 21.
Rb3 a5 22. Bc2 Nb2 23. Bd3 a4 24. Rxb8+ Qxb8 25. Kf1 Nxd3 26. Qxd3 Qb2 27. e5
Qxa2 28. Nc3 Qa1+ 29. Kf2 dxe5 30. Qc2 a3 31. Ke2 exf4 32. Kd3 Bxc3 33. Qxc3
Qd1+ 34. Ke4 Qd4+ 0-1

[Event "Collado Villalba op-B 35th"]
[Site "Collado Villalba ESP"]
[Date "2018.08.24"]
[Round "1.22"]
[White "Liceras Ruiz, Manuel"]
[Black "Teran Gonzalez, Adrian"]
[Result "1/2-1/2"]
[WhiteElo "1642"]
[BlackElo "1327"]
[PlyCount "74"]
[EventDate "2018.08.24"]
[EventType "swiss"]
[EventRounds "9"]
[EventCountry "ESP"]
[SourceTitle "Ajedrez en Madrid"]
[Source "lmi"]
[SourceDate "2018.08.24"]

1. e4 c5 2. Nf3 Nc6 3. d4 cxd4 4. Nxd4 e5 5. Nb5 d6 6. c4 a6 7. N5a3 Nf6 8. Nc3
Bg4 9. Be2 Bxe2 10. Qxe2 Nd4 11. Qd1 Qa5 12. O-O Qb6 13. Nc2 Rc8 14. b3 Qa5 15.
Bd2 b5 16. Nxb5 Qb6 17. Nc3 Qb7 18. f3 d5 19. Nxd4 Bc5 20. Be3 Qa7 21. Nxd5
Nxd5 22. exd5 exd4 23. Bf2 O-O 24. Qd3 Rfe8 25. Rae1 f6 26. Rxe8+ Rxe8 27. Re1
Rxe1+ 28. Bxe1 a5 29. Bf2 Qe7 30. Kf1 Qe5 31. Bg3 Qg5 32. f4 Qg4 33. Qe2 Qg6
34. Qe6+ Kf8 35. Qc8+ Kf7 36. Qxc5 Qb1+ 37. Be1 Qd3+ 1/2-1/2

[Event "Collado Villalba op-B 35th"]
[Site "Collado Villalba ESP"]
[Date "2018.08.24"]
[Round "1.23"]
[White "Ruiz Grau, David"]
[Black "De Dompablo Fantova, Juan"]
[Result "0-1"]
[WhiteElo "1277"]
[BlackElo "1638"]
[PlyCount "127"]
[EventDate "2018.08.24"]
[EventType "swiss"]
[EventRounds "9"]
[EventCountry "ESP"]
[SourceTitle "Ajedrez en Madrid"]
[Source "lmi"]
[SourceDate "2018.08.24"]

1. d4 Nf6 2. Bf4 d6 3. e3 g6 4. Nd2 Bg7 5. h3 O-O 6. Ngf3 Bf5 7. c3 b6 8. Be2
c5 9. O-O Nc6 10. Bb5 Qc7 11. Re1 a6 12. Ba4 b5 13. Bc2 Bxc2 14. Qxc2 cxd4 15.
exd4 Rfe8 16. Ng5 h6 17. Nge4 Nd5 18. Bh2 Nb6 19. b3 Nxd4 20. Qd3 Ne6 21. Rac1
Rac8 22. c4 bxc4 23. Nxc4 Qa7 24. Nxb6 Qxb6 25. Nc3 Qd4 26. Qxd4 Nxd4 27. Kf1
Nxb3 28. axb3 Rxc3 29. Rxc3 Bxc3 30. Rc1 Bb4 31. Bf4 g5 32. Be3 a5 33. Ke2 Kg7
34. Bd2 Rb8 35. Kd3 Bxd2 36. Kxd2 Rxb3 37. Ra1 Rb2+ 38. Ke3 Rb5 39. f4 f5 40.
fxg5 hxg5 41. g3 Kf6 42. h4 Kg6 43. Kf3 e5 44. hxg5 Kxg5 45. Rg1 d5 46. g4 Rb3+
47. Kf2 fxg4 48. Rc1 a4 49. Rc5 Rd3 50. Ke2 e4 51. Rc8 a3 52. Rg8+ Kf4 53. Rf8+
Kg3 54. Rf1 a2 55. Ra1 Ra3 56. Rg1+ Kf4 57. Ra1 d4 58. Kf2 e3+ 59. Ke2 d3+ 60.
Ke1 Kf3 61. Kf1 g3 62. Kg1 e2 63. Rf1+ exf1=Q+ 64. Kxf1 0-1